书目信息 |
| 题名: |
隐喻学研究
|
|
| 作者: | 束定芳 著 | |
| 分册: | ||
| 出版信息: | 上海 上海外语教育出版社 2000.09 |
|
| 页数: | 267页 | |
| 开本: | 20cm | |
| 丛书名: | ||
| 单 册: | ||
| 中图分类: | H , H05 | |
| 科图分类: | ||
| 主题词: | 写作学 , 修辞学 | |
| 电子资源: | ||
| ISBN: | 7-81046-324-1 | |
| 000 | 00620nam0 2200229 45 | |
| 001 | 0355829936 | |
| 005 | 2003062415302993 | |
| 010 | @a7-81046-324-1@dRMB 13.80 | |
| 100 | @a20030624d2000 km y0chiy0120 ea | |
| 101 | 0 | @achi |
| 102 | @aCN@b310000 | |
| 200 | 1 | @a隐喻学研究@Ayin yu xue yan jiu@f束定芳著@FShu Ding Fang Zhu |
| 210 | @a上海@c上海外语教育出版社@d2000.09 | |
| 215 | @a267页@d20cm | |
| 300 | @a教育部"九五"青年人文社科研究基金项目 | |
| 606 | 0 | @a写作学 |
| 606 | 0 | @a修辞学 |
| 690 | @aH@v4 | |
| 690 | @aH05@v3 | |
| 701 | 0 | @a束定芳@AShu Ding Fang@4著 |
| 801 | 0 | @aCN@bPFT@c20030624 |
| 905 | @a@dH05@eS656 | |
| 隐喻学研究/束定芳著.-上海:上海外语教育出版社,2000.09 |
| 267页;20cm |
| 教育部"九五"青年人文社科研究基金项目 |
| ISBN 7-81046-324-1:RMB 13.80 |
| ● |
| 相关链接 |
|
|
|
正题名:隐喻学研究
索取号:H05/S656
 
预约/预借
| 序号 | 登录号 | 条形码 | 馆藏地/架位号 | 状态 | 备注 |
| 1 | 370792 | 203707925 | 语言库209/209语言库 67排1列4层/ [索取号:H05/S656] | 在馆 | |
| 2 | 370793 | 203707934 | 语言库209/209语言库 67排1列4层/ [索取号:H05/S656] | 在馆 | |
| 3 | 370794 | 203707943 | 自科二线504/504自科库 28排2列2层/ [索取号:H05/S656] | 在馆 |